Statistics for Formula 1 - the most common identical podiums

Click here to take the quiz!

General Stats

  • This quiz has been taken 422 times
    (110 since last reset)
  • The average score is 31 of 36

Answer Stats

PositionDriver% Correct
P1Lewis Hamilton
100%
P1Lewis Hamilton
100%
P2Lewis Hamilton
100%
P1Lewis Hamilton
100%
P2Lewis Hamilton
100%
P1Lewis Hamilton
100%
P1Lewis Hamilton
100%
P2Max Verstappen
98%
P1
Max Verstappen
98%
P3Max Verstappen
98%
P1Sebastian Vettel
95%
P1Sebastian Vettel
95%
P3Sebastian Vettel
95%
P3Sebastian Vettel
95%
P3Valtteri Bottas
94%
P2Valtteri Bottas
94%
P2Valtteri Bottas
94%
P2Nico Rosberg
93%
P2Nico Rosberg
93%
P1Nico Rosberg
93%
P3Michael Schumacher
92%
P1Michael Schumacher
92%
P3Fernando Alonso
91%
P2Kimi Räikkönen
88%
P1Ayrton Senna
85%
P2Alain Prost
84%
P3Sergio Perez
84%
P2Mark Webber
82%
P3Daniel Ricciardo
80%
P3Charles Leclerc
77%
P3Rubens Barrichello
71%
P1Mika Häkkinen
66%
P2David Coulthard
63%
P2David Coulthard
63%
P3Romain Grosjean
22%
P3Thierry Boutsen
16%

Score Distribution

Percentile by Number Answered

Percent of People with Each Score

Your Score History

You have not taken this quiz since the last reset